00489nam a2200157 a 450000100060000000300090000600800410001504000280005608200160008410000200010024500180012026000590013830000070019750501050020465000220030922447CO-ViMGA141112s2004 ck r 000 u spa d aCO-ViMGAbspacCO-ViMGA04aCo861 B655n1 aBonnett, Piedad10aNadie en casa aBogotá : bUniversidad Externado de Colombia, c2006 a69 aSoledad de a dos 9 - 25 - - En consideración a la alegria 27 - 53 - - Alto del peregrino 54 - 68 14aPOESIA COLOMBIANA